<?xml version="1.0" encoding="UTF-8"?>
<record
    xmlns:xsi="http://www.w3.org/2001/XMLSchema-instance"
    xsi:schemaLocation="http://www.loc.gov/MARC21/slim http://www.loc.gov/standards/marcxml/schema/MARC21slim.xsd"
    xmlns="http://www.loc.gov/MARC21/slim">

  <leader>00991nam a2200241 a 4500</leader>
  <controlfield tag="001">BRCA_5933</controlfield>
  <controlfield tag="005">20190320205252.0</controlfield>
  <controlfield tag="008">220311s1914----ja-ab#####---o001-0#eng-#</controlfield>
  <datafield tag="041" ind1=" " ind2=" ">
    <subfield code="a">eng</subfield>
  </datafield>
  <datafield tag="044" ind1=" " ind2=" ">
    <subfield code="a">ja</subfield>
  </datafield>
  <datafield tag="050" ind1=" " ind2="4">
    <subfield code="a">DS4</subfield>
    <subfield code="b">.O44</subfield>
    <subfield code="c">1914</subfield>
  </datafield>
  <datafield tag="245" ind1="1" ind2="0">
    <subfield code="a">An Official guide to Eastern Asia</subfield>
    <subfield code="b">trans-continental connections between Europe and Asia.</subfield>
    <subfield code="c">prepared by the Imperial Japanese Government Railways.</subfield>
  </datafield>
  <datafield tag="260" ind1=" " ind2=" ">
    <subfield code="a">Tokio</subfield>
    <subfield code="b">Imperial Japanese Government Railways</subfield>
    <subfield code="c">1914</subfield>
  </datafield>
  <datafield tag="300" ind1=" " ind2=" ">
    <subfield code="a">v. 4; il.; maps</subfield>
  </datafield>
  <datafield tag="500" ind1=" " ind2=" ">
    <subfield code="a">La Biblioteca s&#xF3;lo tiene el v.2. Contenido: v.1 Manchuria and Chosen.- v.2 South-Western Japan.- v.3 North Eastern Japan.- v.4 China.</subfield>
  </datafield>
  <datafield tag="500" ind1=" " ind2=" ">
    <subfield code="a">H164</subfield>
  </datafield>
  <datafield tag="505" ind1="0" ind2=" ">
    <subfield code="a">mapas de Jap&#xF3;n y Nagasaki; &#xED;ndices</subfield>
  </datafield>
  <datafield tag="651" ind1=" " ind2="4">
    <subfield code="a">Asia Oriental</subfield>
    <subfield code="v">Descripci&#xF3;n de viajes</subfield>
    <subfield code="x">Gu&#xED;a de viajeros</subfield>
    <subfield code="9">14985</subfield>
  </datafield>
  <datafield tag="651" ind1=" " ind2="4">
    <subfield code="a">Jap&#xF3;n</subfield>
    <subfield code="v">Descripci&#xF3;n y viajes</subfield>
    <subfield code="x">Gu&#xED;as de viajeros</subfield>
    <subfield code="9">14986</subfield>
  </datafield>
  <datafield tag="710" ind1="2" ind2=" ">
    <subfield code="a">Imperial Japanese Government Railways.</subfield>
    <subfield code="b">Gobierno Japon&#xE9;s</subfield>
    <subfield code="9">14987</subfield>
  </datafield>
  <datafield tag="902" ind1=" " ind2=" ">
    <subfield code="a">GFM</subfield>
  </datafield>
  <datafield tag="942" ind1=" " ind2=" ">
    <subfield code="2">lcc</subfield>
    <subfield code="c">B</subfield>
  </datafield>
  <datafield tag="999" ind1=" " ind2=" ">
    <subfield code="c">5622</subfield>
    <subfield code="d">5622</subfield>
  </datafield>
  <datafield tag="952" ind1=" " ind2=" ">
    <subfield code="0">0</subfield>
    <subfield code="1">0</subfield>
    <subfield code="4">0</subfield>
    <subfield code="7">0</subfield>
    <subfield code="a">BRCA</subfield>
    <subfield code="b">BRCA</subfield>
    <subfield code="d">2011-03-22</subfield>
    <subfield code="i">H164</subfield>
    <subfield code="l">0</subfield>
    <subfield code="o">DS4 .O44 1914 (H164)</subfield>
    <subfield code="p">6372</subfield>
    <subfield code="r">2019-03-22 00:00:00</subfield>
    <subfield code="w">2019-03-22</subfield>
    <subfield code="y">B</subfield>
  </datafield>
</record>
